Central Library OPAC University of Rajshahi

The second part of the history of King Henry IV / (Record no. 18572)

MARC details
000 -LEADER
fixed length control field 00666nam a2200217I 4500
001 - CONTROL NUMBER
control field 18572
003 - CONTROL NUMBER IDENTIFIER
rucl marc code BD-RjUL
005 - DATE AND TIME OF LATEST TRANSACTION
control field 20211209000314.0
008 - FIXED-LENGTH DATA ELEMENTS--GENERAL INFORMATION
fixed length control field 140220s1953 enk 00001 eng d
035 ## - SYSTEM CONTROL NUMBER
System control number (BD-RjUL)18630
040 ## - CATALOGING SOURCE
Original cataloging agency DLC
Transcribing agency WSU
Modifying agency SER
-- m.c.
-- BOS
-- BD-RjUL
Language of cataloging eng
041 ## - LANGUAGE CODE
Language code of text/sound track or separate title eng
082 00 - DEWEY DECIMAL CLASSIFICATION NUMBER
Classification number 822.33
Author mark and year SHS 1953
100 1# - MAIN ENTRY--PERSONAL NAME
Personal name Shakespeare, William,
Dates associated with a name 1564-1616.
9 (RLIN) 57212
245 14 - TITLE STATEMENT
Title The second part of the history of King Henry IV /
Statement of responsibility, etc. William Shakespeare.
260 ## - PUBLICATION, DISTRIBUTION, ETC. (IMPRINT)
Place of publication, distribution, etc. Cambridge [Eng.]
Name of publisher, distributor, etc. University Press,
Date of publication, distribution, etc. 1953.
300 ## - PHYSICAL DESCRIPTION
Pagination 231 p. :
Size 18 cm.
600 00 - SUBJECT ADDED ENTRY--PERSONAL NAME
Personal name Henry
Titles and other words associated with a name King of England,
Dates associated with a name 1421-1471
General subdivision Drama.
942 ## - ADDED ENTRY ELEMENTS (KOHA)
Source of classification or shelving scheme Dewey Decimal Classification
Koha item type Books
Holdings
Lost status Source of classification or shelving scheme Damaged status Not for loan Collection code Permanent Location Current Location Shelving location Date acquired Source of acquisition Cost, normal purchase price Total Checkouts Full call number Date last seen Copy number Koha item type
  Dewey Decimal Classification   Not For Loan Fiction Central Library, University of Rajshahi Central Library, University of Rajshahi Reading Room 17/02/1956 A.B. Corp. 10.02   822.33 SHS 1953 20/02/2014 C-1 Books